| 000 | 01219nam a22002897i 4500 | ||
|---|---|---|---|
| 001 | IT\ICCU\PAR\1197789 | ||
| 003 | ItRI | ||
| 005 | 20260428193805.0 | ||
| 008 | 101110s2010 it |||||| |||||1|||||c | ||
| 020 | _a8860735393 | ||
| 020 | _a9788860735 | ||
| 020 | _a9788860735393 | ||
| 020 | _a9788866202202 | ||
| 040 |
_bita _cArcigay Viterbo |
||
| 041 | 7 |
_aita _2ISO-639-2 |
|
| 082 |
_a853.914 _221 |
||
| 100 | 1 |
_aFaletti, Giorgio _0IT\ICCU\RAVV\089749 _4aut |
|
| 240 | 1 | 0 |
_aAppunti di un venditore di donne _9Faletti, Giorgio |
| 245 | 1 | 0 |
_aAppunti di un venditore di donne / _cGiorgio Faletti. |
| 260 |
_aMilano : _bDalai, _c2010 |
||
| 300 |
_a397 p. ; _c22 cm |
||
| 520 | _aMilano, fine anni '70. Siamo negli anni che precedono la Milano "da Bere": una Milano dipinta vivace, allegra, fresca e ottimista. In questa cornice si inserisce il protagonista Bravo, un "venditore di donne" che vive di notte... In questo libro Giorgio Faletti esplora il genere noir, e riesce perfettamente nella costruzione dell?intreccio, nell?ambientazione, nella psicologia dei personaggi. | ||
| 830 | 0 |
_aRomanzi e racconti ; _v513 _0IT\ICCU\RAV\0187056 |
|
| 942 |
_2ddc _cBK _n0 |
||
| 981 | 1 |
_6z01 _ai _bxxxe |
|
| 982 | 1 |
_6z01 _an |
|
| 999 |
_c28957 _d28957 |
||